Популярна юридична енциклопедія (Запис № 17159)

000 -Маркер запису
Контрольне поле сталої довжини 01499nam a22002537a 4500
003 - Належність контрольного номера
Контрольне поле Uzh_bibl
008 - Кодовані дані
Контрольне поле сталої довжини 260323b |||||||| |||| 00| 0 ukr d
020 ## - Індекс ISBN
ISBN 966-667-039-9
Ціна 27,00
040 ## - Джерело каталогіз.
Код мови каталог. укр.
041 ## - Код мови видання
Код мови оригіналу українська
Код мови тексту українська
080 ## - Індекс УДК
Індекс УДК 34
090 ## - Шифри
Поличний індекс 34
Авторський знак П- 58
100 ## - Автор
Автор -
245 ## - Назва
Назва Популярна юридична енциклопедія
Фізичний носій Текст
260 ## - Вихідні дані
Місце видання Київ
Видавництво Юрінком Інтер
Дата видання 2002
300 ## - Фізичний опис
Обсяг 527 с.
Тип одиниці В опр.
520 ## - Анотація
Анотація У книзі вміщено понад 1500 статей, в яких даються визначення і тлумачення основних юридичних термінів і понять, що найчастіше вживаються у нормативно-правових актах, навчальній та науковій літературі. Подана тут термінологія використовується в Конституції України, кодексах та інших законодавчих актах, що визначають основні засади життєдіяльності держави та соціальних правоих ролей українських громадян.
521 ## - Примітка про цільове призначення
Примітка про цільове призначення Для ширкого кола читачів
546 ## - Примітка про мову
Примітка про мову укр.
650 ## - Тематичні рубрики
Основна рубрика Довідкове видання
653 ## - Ключові слова
Ключові слова Абандон
-- Абітурієнт
655 ## - Термін індексування — жанр/форма
Жанр/форма Довідкова література
942 ## - ADDED ENTRY ELEMENTS (KOHA)
Джерело класифікації чи схема поличного розташування
Koha item type Книги
Фонди
Статус вилучення Статус втрати/відсутності Джерело класифікації чи схема поличного розташування Статус пошкодження Тип обігу (не для випозичання) Постійне розташування Поточне розташування Розташування у відділі Дата надходження Інвентарний номер Total Checkouts Повний (примірниковий) шифр зберігання Штрих-код Date last seen Дата, для якої чинна ціна заміни Тип одиниці (рівень примірника)
          Бібліотека-філія №2 Бібліотека-філія №2 Абонемент старший відділ 23/03/2026 51521   34 19651 23/03/2026 23/03/2026 Книги

Працює на АБІС Коха